<?xml version="1.0" encoding="UTF-8"?>
<record
    xmlns:xsi="http://www.w3.org/2001/XMLSchema-instance"
    xsi:schemaLocation="http://www.loc.gov/MARC21/slim http://www.loc.gov/standards/marcxml/schema/MARC21slim.xsd"
    xmlns="http://www.loc.gov/MARC21/slim">

  <leader>00372nam a22001577a 4500</leader>
  <controlfield tag="003">OSt</controlfield>
  <controlfield tag="005">20240108112152.0</controlfield>
  <controlfield tag="008">230322b        xxu||||| |||| 00| 0 eng d</controlfield>
  <datafield tag="020" ind1=" " ind2=" ">
    <subfield code="a">9789394102477</subfield>
  </datafield>
  <datafield tag="040" ind1=" " ind2=" ">
    <subfield code="c">serosoft</subfield>
  </datafield>
  <datafield tag="082" ind1=" " ind2=" ">
    <subfield code="a">616.01 BAV</subfield>
  </datafield>
  <datafield tag="100" ind1=" " ind2=" ">
    <subfield code="a">BAVEJA. C P</subfield>
  </datafield>
  <datafield tag="245" ind1=" " ind2=" ">
    <subfield code="a">TEXTBOOK OF MICROBIOLOGY</subfield>
  </datafield>
  <datafield tag="300" ind1=" " ind2=" ">
    <subfield code="a">680</subfield>
  </datafield>
  <datafield tag="942" ind1=" " ind2=" ">
    <subfield code="2">ddc</subfield>
    <subfield code="c">02</subfield>
    <subfield code="k">616.01 BAV</subfield>
    <subfield code="m">616.01 BAV</subfield>
  </datafield>
  <datafield tag="999" ind1=" " ind2=" ">
    <subfield code="c">56406</subfield>
    <subfield code="d">56406</subfield>
  </datafield>
  <datafield tag="952" ind1=" " ind2=" ">
    <subfield code="0">0</subfield>
    <subfield code="1">0</subfield>
    <subfield code="2">ddc</subfield>
    <subfield code="4">0</subfield>
    <subfield code="7">0</subfield>
    <subfield code="a">03</subfield>
    <subfield code="b">03</subfield>
    <subfield code="d">2023-03-22</subfield>
    <subfield code="e">ARISTA</subfield>
    <subfield code="g">1395.00</subfield>
    <subfield code="l">2</subfield>
    <subfield code="o">616.01 BAV</subfield>
    <subfield code="p">03-B-6431</subfield>
    <subfield code="q">2027-03-31</subfield>
    <subfield code="r">2025-09-18</subfield>
    <subfield code="s">2025-09-18</subfield>
    <subfield code="w">2023-03-22</subfield>
    <subfield code="y">02</subfield>
  </datafield>
  <datafield tag="952" ind1=" " ind2=" ">
    <subfield code="0">0</subfield>
    <subfield code="1">0</subfield>
    <subfield code="2">ddc</subfield>
    <subfield code="4">0</subfield>
    <subfield code="7">0</subfield>
    <subfield code="a">03</subfield>
    <subfield code="b">03</subfield>
    <subfield code="d">2023-03-22</subfield>
    <subfield code="e">ARISTA</subfield>
    <subfield code="g">1395.00</subfield>
    <subfield code="l">1</subfield>
    <subfield code="o">616.01 BAV</subfield>
    <subfield code="p">03-B-6432</subfield>
    <subfield code="r">2023-04-25</subfield>
    <subfield code="s">2023-03-31</subfield>
    <subfield code="w">2023-03-22</subfield>
    <subfield code="y">02</subfield>
  </datafield>
  <datafield tag="952" ind1=" " ind2=" ">
    <subfield code="0">0</subfield>
    <subfield code="1">0</subfield>
    <subfield code="2">ddc</subfield>
    <subfield code="4">0</subfield>
    <subfield code="7">0</subfield>
    <subfield code="a">03</subfield>
    <subfield code="b">03</subfield>
    <subfield code="d">2023-03-22</subfield>
    <subfield code="e">ARISTA</subfield>
    <subfield code="g">1395.00</subfield>
    <subfield code="l">2</subfield>
    <subfield code="o">616.01 BAV</subfield>
    <subfield code="p">03-B-6433</subfield>
    <subfield code="r">2026-02-11</subfield>
    <subfield code="s">2025-09-29</subfield>
    <subfield code="w">2023-03-22</subfield>
    <subfield code="y">02</subfield>
  </datafield>
  <datafield tag="952" ind1=" " ind2=" ">
    <subfield code="0">0</subfield>
    <subfield code="1">0</subfield>
    <subfield code="2">ddc</subfield>
    <subfield code="4">0</subfield>
    <subfield code="7">0</subfield>
    <subfield code="a">03</subfield>
    <subfield code="b">03</subfield>
    <subfield code="d">2023-03-22</subfield>
    <subfield code="e">ARISTA</subfield>
    <subfield code="g">1395.00</subfield>
    <subfield code="l">1</subfield>
    <subfield code="o">616.01 BAV</subfield>
    <subfield code="p">03-B-6434</subfield>
    <subfield code="q">2027-03-31</subfield>
    <subfield code="r">2025-10-13</subfield>
    <subfield code="s">2025-10-13</subfield>
    <subfield code="w">2023-03-22</subfield>
    <subfield code="y">02</subfield>
  </datafield>
  <datafield tag="952" ind1=" " ind2=" ">
    <subfield code="0">0</subfield>
    <subfield code="1">0</subfield>
    <subfield code="2">ddc</subfield>
    <subfield code="4">0</subfield>
    <subfield code="7">0</subfield>
    <subfield code="a">03</subfield>
    <subfield code="b">03</subfield>
    <subfield code="d">2023-03-22</subfield>
    <subfield code="e">ARISTA</subfield>
    <subfield code="g">1395.00</subfield>
    <subfield code="l">2</subfield>
    <subfield code="o">616.01 BAV</subfield>
    <subfield code="p">03-B-6435</subfield>
    <subfield code="r">2026-02-11</subfield>
    <subfield code="s">2025-09-29</subfield>
    <subfield code="w">2023-03-22</subfield>
    <subfield code="y">02</subfield>
  </datafield>
  <datafield tag="952" ind1=" " ind2=" ">
    <subfield code="0">0</subfield>
    <subfield code="1">0</subfield>
    <subfield code="2">ddc</subfield>
    <subfield code="4">0</subfield>
    <subfield code="7">0</subfield>
    <subfield code="a">03</subfield>
    <subfield code="b">03</subfield>
    <subfield code="d">2023-03-22</subfield>
    <subfield code="e">ARISTA</subfield>
    <subfield code="g">1395.00</subfield>
    <subfield code="l">1</subfield>
    <subfield code="o">616.01 BAV</subfield>
    <subfield code="p">03-B-6436</subfield>
    <subfield code="q">2026-02-28</subfield>
    <subfield code="r">2024-11-23</subfield>
    <subfield code="s">2024-11-23</subfield>
    <subfield code="w">2023-03-22</subfield>
    <subfield code="y">02</subfield>
  </datafield>
  <datafield tag="952" ind1=" " ind2=" ">
    <subfield code="0">0</subfield>
    <subfield code="1">0</subfield>
    <subfield code="2">ddc</subfield>
    <subfield code="4">0</subfield>
    <subfield code="7">0</subfield>
    <subfield code="a">03</subfield>
    <subfield code="b">03</subfield>
    <subfield code="d">2023-03-22</subfield>
    <subfield code="e">ARISTA</subfield>
    <subfield code="g">1395.00</subfield>
    <subfield code="l">0</subfield>
    <subfield code="o">616.01 BAV</subfield>
    <subfield code="p">03-B-6437</subfield>
    <subfield code="r">2023-03-22</subfield>
    <subfield code="w">2023-03-22</subfield>
    <subfield code="y">02</subfield>
  </datafield>
  <datafield tag="952" ind1=" " ind2=" ">
    <subfield code="0">0</subfield>
    <subfield code="1">0</subfield>
    <subfield code="2">ddc</subfield>
    <subfield code="4">0</subfield>
    <subfield code="7">0</subfield>
    <subfield code="a">03</subfield>
    <subfield code="b">03</subfield>
    <subfield code="d">2023-03-22</subfield>
    <subfield code="e">ARISTA</subfield>
    <subfield code="g">1395.00</subfield>
    <subfield code="l">0</subfield>
    <subfield code="o">616.01 BAV</subfield>
    <subfield code="p">03-B-6438</subfield>
    <subfield code="r">2023-03-22</subfield>
    <subfield code="w">2023-03-22</subfield>
    <subfield code="y">02</subfield>
  </datafield>
  <datafield tag="952" ind1=" " ind2=" ">
    <subfield code="0">0</subfield>
    <subfield code="1">0</subfield>
    <subfield code="2">ddc</subfield>
    <subfield code="4">0</subfield>
    <subfield code="7">0</subfield>
    <subfield code="a">03</subfield>
    <subfield code="b">03</subfield>
    <subfield code="d">2023-03-22</subfield>
    <subfield code="e">ARISTA</subfield>
    <subfield code="g">1395.00</subfield>
    <subfield code="l">2</subfield>
    <subfield code="o">616.01 BAV</subfield>
    <subfield code="p">03-B-6439</subfield>
    <subfield code="q">2027-03-31</subfield>
    <subfield code="r">2025-09-29</subfield>
    <subfield code="s">2025-09-29</subfield>
    <subfield code="w">2023-03-22</subfield>
    <subfield code="y">02</subfield>
  </datafield>
  <datafield tag="952" ind1=" " ind2=" ">
    <subfield code="0">0</subfield>
    <subfield code="1">0</subfield>
    <subfield code="2">ddc</subfield>
    <subfield code="4">0</subfield>
    <subfield code="7">0</subfield>
    <subfield code="a">03</subfield>
    <subfield code="b">03</subfield>
    <subfield code="d">2023-03-22</subfield>
    <subfield code="e">ARISTA</subfield>
    <subfield code="g">1395.00</subfield>
    <subfield code="l">2</subfield>
    <subfield code="o">616.01 BAV</subfield>
    <subfield code="p">03-B-6440</subfield>
    <subfield code="r">2026-02-17</subfield>
    <subfield code="s">2025-10-13</subfield>
    <subfield code="w">2023-03-22</subfield>
    <subfield code="y">02</subfield>
  </datafield>
  <datafield tag="952" ind1=" " ind2=" ">
    <subfield code="0">0</subfield>
    <subfield code="1">0</subfield>
    <subfield code="2">ddc</subfield>
    <subfield code="4">0</subfield>
    <subfield code="7">0</subfield>
    <subfield code="a">03</subfield>
    <subfield code="b">03</subfield>
    <subfield code="d">2023-03-22</subfield>
    <subfield code="e">ARISTA</subfield>
    <subfield code="g">1395.00</subfield>
    <subfield code="l">2</subfield>
    <subfield code="o">616.01 BAV</subfield>
    <subfield code="p">03-B-6441</subfield>
    <subfield code="q">2027-03-31</subfield>
    <subfield code="r">2025-11-04</subfield>
    <subfield code="s">2025-11-04</subfield>
    <subfield code="w">2023-03-22</subfield>
    <subfield code="y">02</subfield>
  </datafield>
</record>
